Grenade - Bruno Mars Lyrics - Statistics

General Stats
  • This quiz has been taken 12,976 times
  • The average score is 300 of 379
Answer Stats
Answer % Correct
a
99%
i
99%
you
99%
for
97%
grenade
97%
catch
94%
do
93%
the
93%
in
91%
my
91%
but
90%
go
90%
all
89%
take
87%
train
86%
would
86%
it
85%
of
84%
to
84%
jump
82%
know
82%
never
82%
on
82%
same
82%
and
81%
anything
81%
front
81%
give
81%
i'd
81%
your
81%
oh
80%
baby
78%
bullet
78%
did
78%
had
78%
love
78%
me
78%
ever
77%
that's
77%
through
77%
brain
76%
come
76%
easy
76%
just
76%
pain
76%
throw
76%
trash
76%
is
75%
die
74%
from
74%
gave
74%
open
74%
this
74%
eyes
73%
straight
73%
were
73%
what
73%
why
73%
won't
73%
don't
72%
they
72%
tossed
71%
wide
71%
yes
71%
hand
70%
how
70%
kiss
70%
understand
70%
first
69%
blade
68%
was
66%
trouble
65%
asked
62%
cause
62%
known
62%
live
61%
should've
60%
no
59%
no no no no
59%
are
53%
black
53%
blue
52%
said
51%
you're
51%
bad
50%
yeah
49%
where
47%
woman
46%
i'm
45%
back
44%
devil
43%
mad
43%
tell
43%
when
43%
hey
42%
'til
42%
car
41%
fire
41%
beat
39%
get
39%
if
39%
numb
39%
you'd
39%
body
37%
burn
36%
face
36%
out
36%
smile
36%
down
35%
flames
35%
liar
35%
watch
35%
darling
33%
wouldn't
31%
still
30%
brakes
29%
loved
29%
rip
28%
then
28%
you'll
21%
No matching quizzes found
Score Distribution
Percent of People with Each Score
Percentile by Number Answered
Your Score History
You have not taken this quiz